| 000 | 01033nam a22002417a 4500 | ||
|---|---|---|---|
| 999 |
_c20381 _d20381 |
||
| 003 | AR-CdUCM | ||
| 008 | 190529b ||||| |||| 00| 0 spa d | ||
| 040 |
_aMUNICIPALIDAD PROVINCIAL DEL CUSCO _cBIBLIOTECA MUNICIPAL DEL CUSCO |
||
| 082 |
_a909 / _bG64 |
||
| 100 |
_aStern, Alfred - Luckwaldt, Friedrich y otros _942624 |
||
| 245 |
_aLiberalismo y nacionalismo : _b(1848-1890) / |
||
| 260 |
_aMadrid : _bEspasa - Calpe, _c1934. |
||
| 300 |
_a718 páginas ; _c26 cm. _bFotografias. |
||
| 440 |
_aHistoria universal : _nDesarrollo de la humanidad en la sociedad y el estado, en la economía y la vida espiritual / _942625 |
||
| 500 | _aVersión española de: Manuel García Morente | ||
| 505 | _aContenido: t. 8: La estructura espiritual de la época -- Prehistoria e historia de los años revolucionarios -- El sistema de los estados europeos de 1850-1890... | ||
| 650 |
_aHistoria _9246 |
||
| 650 |
_aAustria _920500 |
||
| 650 |
_aAlemania _91327 |
||
| 650 |
_aSiglo XIX _9971 |
||
| 942 |
_2ddc _cLIBROS |
||
| 945 | _aJavier | ||